Statistics for The Crane Wives -- Curses Lyrics

Click here to take the quiz!

General Stats

  • This quiz has been taken 171 times
  • The average score is 209 of 242

Answer Stats

Answer% Correct
a
98%
The
98%
the
98%
my
97%
Oh
97%
to
96%
I
95%
an
94%
ashes
94%
dust
93%
me
93%
of
93%
us
92%
in
91%
you
91%
after
90%
and
90%
And
90%
both
90%
curses
90%
up
90%
brain
89%
burning
89%
fire
89%
There's
89%
devil's
88%
I'm
88%
out
88%
rest
88%
All
87%
all
87%
darling
86%
is
86%
Make
86%
mercy
86%
house
85%
lay
85%
like
85%
when
85%
When
85%
with
85%
bones
84%
But
84%
but
84%
dry
84%
name
84%
stay
84%
well
84%
cobwebs
82%
running
82%
say
82%
sink
82%
Won't
82%
down
81%
Keep
81%
this
81%
This
81%
for
80%
start
79%
backyard's
78%
don't
78%
feel
78%
full
78%
home?
78%
home
78%
walls
78%
elegy
77%
be
76%
says
76%
around
75%
smoke
75%
clears
74%
you're
74%
are
73%
corners
73%
kindling
73%
Every
72%
word
72%
machine
71%
aching
70%
a-rumbling
70%
old
70%
still
70%
Tell
70%
tired
70%
enough
69%
fall
69%
good
69%
am
68%
heart
67%
heart?
67%
used
67%
apart
66%
ghosts
66%
trembling
66%
where
64%
Singing
63%
Echoing
62%
songs
62%
behind
61%
may
61%
starts
61%
war
61%
eye
60%
secrets
59%
yet
59%

Score Distribution

Percentile by Number Answered

Percent of People with Each Score

Your Score History

You have not taken this quiz